[Event "DSOL 2021"]
[Site "Germany"]
[Date "2021.03.22"]
[Round "7.1"]
[White "Spors, Carl Philip"]
[Black "Rein, Joachim"]
[Result "1-0"]
[WhiteElo "1956"]
[BlackElo "1934"]
[Annotator "TA"]
[PlyCount "119"]
[EventDate "2021.01.18"]
[EventType "team-tourn"]
[EventCountry "GER"]
[SourceTitle "playchess.com"]
[Source "ChessBase"]
[SourceQuality "1"]

1. e4 e6 2. d4 d5 3. Nc3 f5 4. e5 c5 5. Nce2 cxd4 6. Nxd4 Nc6 7. f4 Nge7 8. Ngf3 Nxd4 9. Nxd4 Nc6 10. c3 Nxd4 11. cxd4 Bb4+ 12. Bd2 Qa5 13. Bxb4 Qxb4+ 14. Qd2 Qxd2+ 15. Kxd2 Bd7 16. Be2 Rc8 17. h4 Ke7 18. Rh3 Rc7 19. Rg3 g6 20. h5 Be8 21. h6 Bd7 22. Rc3 Rhc8 23. Rac1 Kd8 24. Ke3 Be8 25. Kf2 Rxc3 26. Rxc3 Rxc3 27. bxc3 b5 28. Kg3 Ke7 29. Kh4 a6 30. Kg5 Bf7 31. Kh4 Be8 32. Kg3 Kd7 33. Kf2 Kc7 34. g4 fxg4 35. Bxg4 Bf7 36. Ke3 Kd7 37. Kd3 Kc6 38. Bd1 Kb6 39. Ke3 Kc7 40. Kd2 Kb6 41. Be2 a5 42. Bd3 a4 43. Ke3 Be8 44. f5 gxf5 45. Kf4 a3 46. Kg5 Kc7 47. Kf6 Kd7 48. Bxb5+ Kd8 49. Bd3 Kd7 50. Bc2 Bg6 51. Ba4+ Kd8 52. Kxe6 f4 53. Kxd5 f3 54. Kd6 f2 55. Bb5 Be8 56. Bf1 Ba4 57. e6 Ke8 58. c4 Bb3 59. c5 Ba4 60. c6 1-0

[Event "DSOL 2021"]
[Site "Germany"]
[Date "2021.03.23"]
[Round "7.1"]
[White "Farber, Nelson M"]
[Black "Lehmann, Alexander"]
[Result "0-1"]
[WhiteElo "1941"]
[BlackElo "2000"]
[Annotator "TA"]
[PlyCount "110"]
[EventDate "2021.01.18"]
[EventType "team-tourn"]
[EventCountry "GER"]
[SourceTitle "playchess.com"]
[Source "ChessBase"]
[SourceQuality "1"]

1. e4 e6 2. d4 d5 3. Nc3 Nf6 4. e5 Nfd7 5. f4 c5 6. Nf3 Nc6 7. Be3 Be7 8. Qd2 O-O 9. Qf2 f6 10. Qg1 fxe5 11. Nxe5 Ndxe5 12. fxe5 Bg5 13. Ne2 Bxe3 14. Qxe3 cxd4 15. Qg3 Qa5+ 16. Kd1 Bd7 17. Nf4 Qc7 18. Bd3 Nb4 19. Nh5 Be8 20. Nf6+ Rxf6 21. exf6 Qxg3 22. hxg3 Nxd3 23. cxd3 gxf6 24. Kd2 e5 25. Rac1 Bc6 26. b4 a6 27. Rh4 Kg7 28. Rg4+ Kf7 29. Rh1 Rh8 30. Rgh4 Kg7 31. Rc1 Re8 32. a4 Rd8 33. Rch1 Rh8 34. Rg4+ Kf7 35. Rc1 Rd8 36. a5 Rh8 37. Rh4 Kg7 38. Rc5 Kf7 39. b5 Bxb5 40. Rc7+ Kg6 41. Rxb7 h6 42. Rg4+ Kf5 43. Rgg7 e4 44. Rgf7 Rg8 45. Rb6 Rg6 46. g4+ Kxg4 47. Rfxf6 Rxf6 48. Rxf6 Bxd3 49. Rxh6 Bc4 50. Rg6+ Kf5 51. Rg8 e3+ 52. Ke1 d3 53. Rf8+ Kg6 54. Re8 d2+ 55. Kd1 Bb3+ 0-1

[Event "DSOL 2021"]
[Site "Germany"]
[Date "2021.03.22"]
[Round "7.1"]
[White "Planner, Joerg"]
[Black "Plaettner, Stefan"]
[Result "1-0"]
[WhiteElo "1941"]
[BlackElo "1862"]
[Annotator "TA"]
[PlyCount "53"]
[EventDate "2021.01.18"]
[EventType "team-tourn"]
[EventCountry "GER"]
[SourceTitle "playchess.com"]
[Source "ChessBase"]
[SourceQuality "1"]

1. d4 d6 2. e4 Nf6 3. Nc3 c6 4. f4 Qa5 5. Bd2 e5 6. Nf3 Bg4 7. Nd5 Qd8 8. Nxf6+ gxf6 9. h3 Bxf3 10. Qxf3 exd4 11. Bc4 Nd7 12. a4 Qe7 13. O-O O-O-O 14. a5 a6 15. Rfe1 h5 16. c3 dxc3 17. Bxc3 Bg7 18. Bxa6 bxa6 19. e5 d5 20. Qf2 fxe5 21. fxe5 Nb8 22. Rac1 Qb7 23. Bd4 Rde8 24. Rc3 Re6 25. Qg3 Rg6 26. Qf3 Qxb2 27. Rxc6+ 1-0

[Event "DSOL 2021"]
[Site "Germany"]
[Date "2021.03.22"]
[Round "7.1"]
[White "Klugstedt, Vincent"]
[Black "Di Franco, Patrizio"]
[Result "1-0"]
[WhiteElo "1928"]
[BlackElo "1639"]
[Annotator "TA"]
[PlyCount "81"]
[EventDate "2021.01.18"]
[EventType "team-tourn"]
[EventCountry "GER"]
[SourceTitle "playchess.com"]
[Source "ChessBase"]
[SourceQuality "1"]

1. d4 Nf6 2. c4 c5 3. d5 g6 4. Nc3 Bg7 5. e4 d6 6. Bd3 O-O 7. h3 e6 8. Nf3 exd5 9. exd5 Re8+ 10. Be3 Rxe3+ 11. fxe3 Qe7 12. Qd2 Nbd7 13. O-O Nh5 14. g4 Ng3 15. Rf2 h5 16. Kg2 h4 17. Ne2 b5 18. cxb5 Bb7 19. Nxg3 hxg3 20. Kxg3 Bxd5 21. e4 Bb7 22. Re1 Ne5 23. Nxe5 Bxe5+ 24. Kg2 Qh4 25. Rf3 Rf8 26. Bc4 Kg7 27. Bd5 Bc8 28. Ref1 f6 29. Ra3 Bxg4 30. Qe1 Qg5 31. hxg4 Rh8 32. Rxa7+ Kf8 33. Ra8+ Kg7 34. Rxh8 Qxg4+ 35. Kh1 Kxh8 36. Rf2 Qh3+ 37. Kg1 Bd4 38. b6 Qg3+ 39. Kf1 Qh3+ 40. Ke2 Qe3+ 41. Kd1 1-0

[Event "DSOL 2021"]
[Site "Germany"]
[Date "2021.03.25"]
[Round "7.1"]
[White "Basey, Matthew"]
[Black "Fahland, Matthias"]
[Result "1-0"]
[WhiteElo "1922"]
[BlackElo "2168"]
[Annotator "RC"]
[PlyCount "89"]
[EventDate "2021.01.18"]
[EventType "team-tourn"]
[EventCountry "GER"]
[SourceTitle "playchess.com"]
[Source "ChessBase"]
[SourceQuality "1"]

1. d4 Nf6 2. Nf3 d5 3. c4 e6 4. cxd5 exd5 5. Nc3 c6 6. Bg5 Be7 7. Qc2 O-O 8. e3 h6 9. Bh4 Re8 10. Bd3 Nbd7 11. O-O Ne4 12. Bg3 Nxg3 13. hxg3 Bd6 14. a3 a5 15. Rab1 Nf6 16. b4 Qe7 17. Na4 axb4 18. axb4 Bxb4 19. Nb6 Ra7 20. Nxc8 Rxc8 21. Rb3 Bd6 22. Rfb1 Rca8 23. Nh4 Qd7 24. Nf5 Bf8 25. R3b2 Ne8 26. Nh4 Nd6 27. Nf3 Qd8 28. g4 Be7 29. g3 Ra1 30. Kg2 R8a3 31. Ne5 Rxb1 32. Rxb1 Qa5 33. Bh7+ Kf8 34. Nd7+ Ke8 35. Rxb7 Rc3 36. Qb2 Nxb7 37. Qxb7 Bd6 38. Nb6 g6 39. Qd7+ Kf8 40. Bxg6 fxg6 41. Qxd6+ Kg7 42. Qe7+ Kh8 43. Nd7 Qa7 44. Qf8+ Kh7 45. Nf6# 1-0

[Event "DSOL 2021"]
[Site "Germany"]
[Date "2021.03.24"]
[Round "7.1"]
[White "Barskij, Aleksandr"]
[Black "Borchert, Chris"]
[Result "0-1"]
[WhiteElo "1887"]
[BlackElo "2143"]
[Annotator "TA"]
[PlyCount "46"]
[EventDate "2021.01.18"]
[EventType "team-tourn"]
[EventCountry "GER"]
[SourceTitle "playchess.com"]
[Source "ChessBase"]
[SourceQuality "1"]

1. e4 d5 2. exd5 Qxd5 3. Nc3 Qd6 4. d4 a6 5. Nf3 Nf6 6. g3 Bg4 7. Bg2 Nc6 8. h3 Bh5 9. Bf4 Qb4 10. g4 Bg6 11. Qd2 O-O-O 12. O-O-O Ne4 13. Nxe4 Bxe4 14. Be3 Qa4 15. a3 e5 16. Ne1 Bxg2 17. Nxg2 exd4 18. Bg5 f6 19. Bf4 Ne5 20. Bxe5 fxe5 21. Rhe1 Bxa3 22. bxa3 Qxa3+ 23. Kb1 Rd6 0-1

[Event "DSOL 2021"]
[Site "Germany"]
[Date "2021.03.23"]
[Round "7.1"]
[White "Bier, Armin"]
[Black "Rudolph, Lukas"]
[Result "1-0"]
[WhiteElo "1886"]
[BlackElo "1864"]
[Annotator "NA RC"]
[PlyCount "59"]
[EventDate "2021.01.18"]
[EventType "team-tourn"]
[EventCountry "GER"]
[SourceTitle "playchess.com"]
[Source "ChessBase"]
[SourceQuality "1"]

1. d4 d5 2. c4 c6 3. Nc3 e6 4. Nf3 dxc4 5. a4 Bb4 6. e3 b5 7. axb5 cxb5 8. Bd2 Bxc3 9. Bxc3 a5 10. b3 Bb7 11. bxc4 b4 12. Bb2 Nf6 13. Bd3 O-O 14. O-O Nbd7 15. Re1 Be4 16. Qc2 Bxd3 17. Qxd3 a4 18. Rac1 Qb8 19. Nd2 e5 20. c5 e4 21. Qc4 Ng4 22. g3 Ndf6 23. h3 Nh6 24. d5 Nxd5 25. Qxd5 Rd8 26. Qg5 Nf5 27. Nxe4 a3 28. Nf6+ Kh8 29. Qxf5 axb2 30. Qxh7# 1-0

[Event "DSOL 2021"]
[Site "Germany"]
[Date "2021.03.25"]
[Round "7.1"]
[White "Weiss, Reinhold"]
[Black "Schaefer, Sven"]
[Result "1/2-1/2"]
[WhiteElo "1851"]
[BlackElo "1987"]
[Annotator "TA"]
[PlyCount "87"]
[EventDate "2021.01.18"]
[EventType "team-tourn"]
[EventCountry "GER"]
[SourceTitle "playchess.com"]
[Source "ChessBase"]
[SourceQuality "1"]

1. Nf3 Nf6 2. g3 g6 3. Bg2 d6 4. c4 Bg7 5. Nc3 O-O 6. O-O e5 7. d3 Nc6 8. Rb1 a5 9. a3 Nd4 10. Nd2 c6 11. e3 Ne6 12. Nf3 Nc5 13. b4 axb4 14. axb4 Nxd3 15. Qxd3 e4 16. Qc2 exf3 17. Bxf3 Be6 18. Ne4 Nxe4 19. Bxe4 Bxc4 20. Qxc4 d5 21. Bxd5 Qxd5 22. Qxd5 cxd5 23. Rd1 Rfd8 24. Bb2 b5 25. Bxg7 Kxg7 26. Rd4 Rac8 27. Ra1 Rc4 28. Ra5 Rb8 29. Rxd5 Rxb4 30. Rd7 Ra4 31. Rxa4 bxa4 32. Ra7 Rb1+ 33. Kg2 Ra1 34. Ra6 h5 35. h4 a3 36. Kf3 Ra2 37. Kg2 Kf8 38. Ra7 Ke8 39. Kf3 Ra1 40. Kg2 Kf8 41. Kf3 Ra2 42. Kg2 Kg7 43. Ra6 Kf8 44. Ra7 1/2-1/2

[Event "DSOL 2021"]
[Site "Germany"]
[Date "2021.03.23"]
[Round "7.1"]
[White "Lazarte, Matias"]
[Black "Poetke, Dan-Peter"]
[Result "0-1"]
[WhiteElo "1838"]
[BlackElo "1992"]
[Annotator "TA"]
[PlyCount "50"]
[EventDate "2021.01.18"]
[EventType "team-tourn"]
[EventCountry "GER"]
[SourceTitle "playchess.com"]
[Source "ChessBase"]
[SourceQuality "1"]

1. e4 c6 2. d4 d5 3. f3 e6 4. Nc3 Bb4 5. Bf4 Ne7 6. Qd3 b6 7. Nge2 Ba6 8. Qd2 O-O 9. a3 Bxc3 10. Nxc3 Bxf1 11. Rxf1 Ng6 12. Bg3 Nd7 13. O-O-O b5 14. f4 f5 15. exf5 exf5 16. h4 Nxh4 17. Rh1 Ng6 18. Qe2 Qe8 19. Qh5 Qe3+ 20. Kb1 Qxg3 21. Ne2 Qg4 22. Qh2 Qxe2 23. Rde1 Qg4 24. Re6 Nf6 25. Rxc6 Qxf4 0-1

[Event "DSOL 2021"]
[Site "Germany"]
[Date "2021.03.25"]
[Round "7.1"]
[White "Baeumer, Frank"]
[Black "de Reuter, Uwe"]
[Result "1/2-1/2"]
[WhiteElo "1800"]
[BlackElo "1711"]
[Annotator "NA RC"]
[PlyCount "90"]
[EventDate "2021.01.18"]
[EventType "team-tourn"]
[EventCountry "GER"]
[SourceTitle "playchess.com"]
[Source "ChessBase"]
[SourceQuality "1"]

1. e4 c6 2. Nf3 d5 3. Nc3 dxe4 4. Nxe4 Nf6 5. Nxf6+ gxf6 6. d4 Bg4 7. Bc4 e6 8. Be3 Bd6 9. h3 Bh5 10. g4 Bg6 11. Qe2 Nd7 12. O-O-O Nb6 13. Bb3 Nd5 14. Bh6 Bf4+ 15. Bxf4 Nxf4 16. Qe3 Nd5 17. Qe1 Qc7 18. Nh4 Qf4+ 19. Qd2 O-O-O 20. Bxd5 Qxd2+ 21. Rxd2 cxd5 22. f4 Be4 23. Re1 h5 24. g5 fxg5 25. fxg5 Kd7 26. Rf2 Rh7 27. Nf3 Bxf3 28. Rxf3 h4 29. Ref1 Ke7 30. Rb3 b6 31. Ra3 Ra8 32. Rf6 Rh5 33. Raf3 Rh7 34. g6 fxg6 35. Rxg6 Re8 36. Rff6 Kd6 37. Rh6 Rg7 38. Rxh4 Rg2 39. Rh7 Re7 40. Rhh6 Re2 41. h4 Rg7 42. Rfg6 Rf7 43. Rf6 Rg7 44. Rhg6 Rh7 45. Rh6 Rg7 1/2-1/2

[Event "DSOL 2021"]
[Site "Germany"]
[Date "2021.03.22"]
[Round "7.1"]
[White "Röeder, Matthias"]
[Black "Kottke, Markus"]
[Result "1-0"]
[WhiteElo "1796"]
[BlackElo "2198"]
[Annotator "TA"]
[PlyCount "121"]
[EventDate "2021.01.18"]
[EventType "team-tourn"]
[EventCountry "GER"]
[SourceTitle "playchess.com"]
[Source "ChessBase"]
[SourceQuality "1"]

1. Nf3 Nf6 2. c4 g6 3. Nc3 Bg7 4. e4 d6 5. d4 O-O 6. Be2 e5 7. dxe5 dxe5 8. Qxd8 Rxd8 9. Bg5 Re8 10. O-O-O Na6 11. Nd2 h6 12. Be3 Ng4 13. Bxg4 Bxg4 14. f3 Be6 15. a3 c6 16. g4 Red8 17. Kc2 Kh7 18. h4 Bf8 19. h5 g5 20. b4 Nc7 21. Na4 b5 22. Nc5 Bxc5 23. Bxc5 bxc4 24. Nb1 Nb5 25. Kb2 Nd4 26. Rhf1 Rd7 27. Nc3 a5 28. Rf2 axb4 29. axb4 Nb3 30. Rxd7 Bxd7 31. Bd6 f6 32. Rf1 Kg7 33. Rd1 Be8 34. Bc5 Kf7 35. Kc2 Rb8 36. Ne2 Nxc5 37. bxc5 Rb3 38. Nc3 Ke7 39. Ra1 Rb7 40. Nd1 Rb5 41. Ra7+ Bd7 42. Nc3 Rb8 43. Na4 Rb3 44. Nb6 Rd3 45. Nxc4 Rxf3 46. Nb6 Rf4 47. Rxd7+ Ke8 48. Rd6 Rxe4 49. Rxf6 Rxg4 50. Rxc6 Rg2+ 51. Kd3 Kf7 52. Rxh6 g4 53. Nc4 g3 54. Nxe5+ Ke7 55. Rg6 Ra2 56. Kd4 g2 57. h6 Ra4+ 58. Kd5 Rh4 59. Rg7+ Ke8 60. Rg8+ Ke7 61. Ng6+ 1-0

[Event "DSOL 2021"]
[Site "Germany"]
[Date "2021.03.23"]
[Round "7.1"]
[White "Pruefer, Friedbert"]
[Black "Dittmann, Tobias"]
[Result "0-1"]
[WhiteElo "1779"]
[BlackElo "1871"]
[Annotator "NA RC"]
[PlyCount "78"]
[EventDate "2021.01.18"]
[EventType "team-tourn"]
[EventCountry "GER"]
[SourceTitle "playchess.com"]
[Source "ChessBase"]
[SourceQuality "1"]

1. d4 d5 2. Bf4 Nf6 3. e3 c6 4. c3 Bf5 5. Nf3 Nbd7 6. Nbd2 h6 7. h3 e6 8. Be2 Be7 9. O-O g5 10. Be5 g4 11. hxg4 Bxg4 12. Nh2 Bf5 13. Ng4 Nxe5 14. dxe5 Nd7 15. Nb3 h5 16. Nh2 Nxe5 17. Nd4 Bg6 18. f4 Ng4 19. Nxg4 hxg4 20. Bxg4 Be4 21. Bf3 Bh4 22. Ne2 Qf6 23. Bxe4 dxe4 24. Qd4 Qh6 25. Qxe4 Bf6 26. Nd4 c5 27. Qxb7 Rd8 28. Qc6+ Kf8 29. Qxc5+ Kg7 30. Qc6 Rd5 31. Kf2 Qh4+ 32. Ke2 Qg4+ 33. Kd3 Rh2 34. Rf2 Bh4 35. Re2 Rxg2 36. Rxg2 Qxg2 37. Kc4 Rxd4+ 38. Kc5 Rc4+ 39. Kxc4 Qxc6+ 0-1

[Event "DSOL 2021"]
[Site "Germany"]
[Date "2021.03.23"]
[Round "7.1"]
[White "Azemovic, Almir"]
[Black "Guelke, Volker"]
[Result "1-0"]
[WhiteElo "1760"]
[BlackElo "2100"]
[Annotator "TA"]
[PlyCount "81"]
[EventDate "2021.01.18"]
[EventType "team-tourn"]
[EventCountry "GER"]
[SourceTitle "playchess.com"]
[Source "ChessBase"]
[SourceQuality "1"]

1. e4 Nf6 2. e5 Nd5 3. Nc3 Nxc3 4. bxc3 d6 5. exd6 exd6 6. d4 d5 7. Bd3 Be7 8. Qh5 g6 9. Qe2 O-O 10. Be3 Re8 11. Nf3 c5 12. Bb5 Bd7 13. Bxd7 Nxd7 14. O-O Bf6 15. Rab1 cxd4 16. cxd4 Qc7 17. Qb5 Nb6 18. a4 Qxc2 19. a5 Nc4 20. Qxd5 Nxe3 21. fxe3 Rad8 22. Qxb7 Re7 23. Qb3 Qxb3 24. Rxb3 Rd5 25. Ra1 a6 26. Kf2 Re6 27. Ra4 Bd8 28. Rba3 Rb5 29. Ne5 Rf6+ 30. Ke2 Bc7 31. Nd7 Rc6 32. h3 Bd6 33. Ra2 Kg7 34. Nb6 Bc7 35. Nc4 h5 36. e4 Rb3 37. Nd2 Rg3 38. Kf2 h4 39. Nf3 Rc1 40. e5 g5 41. Rb2 1-0

[Event "DSOL 2021"]
[Site "Germany"]
[Date "2021.03.25"]
[Round "7.1"]
[White "Nolte, Gerhard"]
[Black "Steffens, Olaf"]
[Result "0-1"]
[WhiteElo "1742"]
[BlackElo "2145"]
[Annotator "TA"]
[PlyCount "96"]
[EventDate "2021.01.18"]
[EventType "team-tourn"]
[EventCountry "GER"]
[SourceTitle "playchess.com"]
[Source "ChessBase"]
[SourceQuality "1"]

1. c4 c6 2. d4 d6 3. Nf3 h6 4. g3 g5 5. Bg2 Bg7 6. Nc3 g4 7. Nh4 Bf6 8. Qd3 Bxh4 9. gxh4 Nd7 10. Bf4 Ngf6 11. O-O-O Qa5 12. Kb1 Nf8 13. Qe3 Ne6 14. Bxh6 Ng8 15. Bg5 f6 16. d5 fxg5 17. dxe6 gxh4 18. Ne4 Qf5 19. Ka1 Qxe6 20. h3 Nf6 21. hxg4 Nxg4 22. Qc3 Qe5 23. Qxe5 Nxe5 24. f4 Nxc4 25. Bf3 Bd7 26. Ng5 Ne3 27. Rd3 Nc2+ 28. Kb1 Nb4 29. Rb3 a5 30. a3 Na6 31. Rxb7 Nc5 32. Rb6 Rc8 33. b4 axb4 34. Rxb4 Ne6 35. Kb2 c5 36. Nxe6 cxb4 37. Bh5+ Rxh5 38. Ng7+ Kf7 39. Nxh5 bxa3+ 40. Kxa3 Rh8 41. Rxh4 Kg6 42. f5+ Kg5 43. Re4 Rxh5 44. Rxe7 Bxf5 45. Re8 Kf6 46. Kb4 Bd7 47. Rf8+ Ke7 48. Rf4 Re5 0-1

[Event "DSOL 2021"]
[Site "Germany"]
[Date "2021.03.24"]
[Round "7.1"]
[White "Keller, Peter"]
[Black "Engel, Luis"]
[Result "0-1"]
[WhiteElo "1741"]
[BlackElo "2553"]
[Annotator "TA"]
[PlyCount "56"]
[EventDate "2021.01.18"]
[EventType "team-tourn"]
[EventCountry "GER"]
[SourceTitle "playchess.com"]
[Source "ChessBase"]
[SourceQuality "1"]

1. e4 c5 2. Nf3 d6 3. d4 cxd4 4. Nxd4 Nf6 5. Nc3 Nc6 6. Bg5 e6 7. Qd2 a6 8. O-O-O Bd7 9. f4 Be7 10. Nf3 b5 11. Bxf6 gxf6 12. f5 Qb6 13. Kb1 O-O-O 14. g3 Kb8 15. fxe6 fxe6 16. Bh3 Na5 17. Nd4 b4 18. Nce2 e5 19. Bxd7 Rxd7 20. Nf5 Nc4 21. Qh6 Rc8 22. Rhf1 Na3+ 23. Ka1 Nxc2+ 24. Kb1 Na3+ 25. Ka1 Nc2+ 26. Kb1 b3 27. a3 Qc6 28. Qh4 Nxa3+ 0-1

[Event "DSOL 2021"]
[Site "Germany"]
[Date "2021.03.24"]
[Round "7.1"]
[White "Muschik, Benedikt"]
[Black "Antonov, Alexander"]
[Result "0-1"]
[WhiteElo "1663"]
[BlackElo "1990"]
[Annotator "TA"]
[PlyCount "94"]
[EventDate "2021.01.18"]
[EventType "team-tourn"]
[EventCountry "GER"]
[SourceTitle "playchess.com"]
[Source "ChessBase"]
[SourceQuality "1"]

1. d4 d5 2. Bf4 Nf6 3. e3 Ne4 4. Nd2 Nxd2 5. Qxd2 Bf5 6. Nf3 e6 7. Be2 Be7 8. h3 O-O 9. O-O Nd7 10. c4 c6 11. Rfc1 Nf6 12. c5 b5 13. Ne5 Qc8 14. a4 a6 15. Ra3 Ne4 16. Qe1 Bh4 17. Nd3 Qb7 18. g3 Be7 19. g4 Bg6 20. f3 Nf6 21. axb5 axb5 22. Rca1 Bxd3 23. Bxd3 Nd7 24. b4 Bf6 25. g5 Be7 26. Qb1 g6 27. Qa2 Rxa3 28. Qxa3 f6 29. h4 e5 30. gxf6 Bxf6 31. Bh6 Rb8 32. Bg5 exd4 33. Bxf6 Nxf6 34. exd4 Qc7 35. Bf1 Qg3+ 36. Bg2 Qxh4 37. Qe3 Re8 38. Qf2 Qf4 39. Ra6 Re6 40. Ra8+ Kg7 41. Ra7+ Kh6 42. Bh3 Re3 43. Bg4 Rd3 44. Qh4+ Nh5 45. Qe7 Qg3+ 46. Kf1 Rd1+ 47. Ke2 Qe1# 0-1

[Event "DSOL 2021"]
[Site "Germany"]
[Date "2021.03.26"]
[Round "7.1"]
[White "Baerwolf, Steven"]
[Black "Buring, Matthias"]
[Result "1-0"]
[WhiteElo "1639"]
[BlackElo "2127"]
[Annotator "TA"]
[PlyCount "107"]
[EventDate "2021.01.18"]
[EventType "team-tourn"]
[EventCountry "GER"]
[SourceTitle "playchess.com"]
[Source "ChessBase"]
[SourceQuality "1"]
[WhiteTeam "SV Horst-Emscher I"]
[BlackTeam "SG Arnstadt-Stadtilm"]

1. d4 c5 2. d5 Nf6 3. c4 b5 4. cxb5 a6 5. bxa6 Bxa6 6. Nc3 d6 7. e4 g6 8. Bxa6 Nxa6 9. Nf3 Bg7 10. O-O Nd7 11. a4 O-O 12. Qe2 Nb4 13. Be3 Ra5 14. Ne1 Qb6 15. Nc2 Nxc2 16. Qxc2 Rb8 17. Nb5 Rba8 18. f4 Qb7 19. Bd2 R5a6 20. Bc3 Bxc3 21. bxc3 c4 22. Rfb1 Qc8 23. Nd4 Nc5 24. Nc6 Kf8 25. h3 Nb3 26. Rxb3 cxb3 27. Qxb3 e5 28. Qb4 Rxc6 29. dxc6 Qxc6 30. fxe5 Qc5+ 31. Qxc5 dxc5 32. a5 Ra6 33. Kf2 Ke7 34. Ke3 Ke6 35. Kd3 Kxe5 36. Kc4 Kxe4 37. Re1+ Kf4 38. Kb5 Ra8 39. a6 f5 40. Kb6 Kg3 41. Re2 c4 42. Kb7 Rf8 43. a7 Rf7+ 44. Kb6 Rf6+ 45. Kb5 Rf8 46. Ra2 f4 47. Kxc4 f3 48. gxf3 Kxf3 49. a8=Q+ Rxa8 50. Rxa8 Kg3 51. Rh8 h5 52. Rg8 Kh4 53. Rxg6 Kxh3 54. Kd5 1-0

[Event "DSOL 2021"]
[Site "Germany"]
[Date "2021.03.26"]
[Round "7.1"]
[White "Werner, Jan"]
[Black "Di Capua, Francesco Stefano"]
[Result "1-0"]
[WhiteElo "1620"]
[BlackElo "1956"]
[Annotator "ChessBase"]
[PlyCount "55"]
[EventDate "2021.01.18"]
[EventType "team-tourn"]
[EventCountry "GER"]
[SourceTitle "playchess.com"]
[Source "ChessBase"]
[SourceQuality "1"]
[WhiteTeam "Düsseldorfer SK I"]
[BlackTeam "SK Gernsheim"]

1. d4 Nf6 2. c4 g6 3. f3 e5 4. dxe5 Nh5 5. g3 Nc6 6. f4 Bb4+ 7. Bd2 O-O 8. Nf3 Bc5 9. Nc3 a5 10. Bg2 d6 11. exd6 cxd6 12. e3 Nb4 13. O-O Qb6 14. Kh1 Bd7 15. a3 Nd3 16. Qc2 Bf5 17. e4 Nf2+ 18. Rxf2 Bxf2 19. exf5 Bxg3 20. hxg3 Qf2 21. g4 Ng3+ 22. Kh2 Rae8 23. Qd3 Ne2 24. Ne4 Rxe4 25. Qxe4 Qg3+ 26. Kh1 Qf2 27. Qe3 Ng3+ 28. Kh2 1-0

[Event "DSOL 2021"]
[Site "Germany"]
[Date "2021.03.25"]
[Round "7.1"]
[White "Azimov, Stanislav"]
[Black "Jacoby, Florian"]
[Result "1-0"]
[WhiteElo "1606"]
[BlackElo "1601"]
[Annotator "NA RC"]
[PlyCount "71"]
[EventDate "2021.01.18"]
[EventType "team-tourn"]
[EventCountry "GER"]
[SourceTitle "playchess.com"]
[Source "ChessBase"]
[SourceQuality "1"]

1. e4 c5 2. c3 e6 3. d4 d5 4. e5 Nc6 5. Nf3 Qb6 6. Be2 Bd7 7. O-O Nge7 8. dxc5 Qxc5 9. Bd3 Ng6 10. Re1 Qb6 11. h4 Bc5 12. Qe2 f6 13. b4 Be7 14. exf6 gxf6 15. a4 Qc7 16. Na3 Nf4 17. Bxf4 Qxf4 18. Nc2 e5 19. Bb5 Rg8 20. Ne3 e4 21. Bxc6 bxc6 22. Nd4 Qxh4 23. Qa6 f5 24. Ndxf5 Qf6 25. Nxe7 Kxe7 26. b5 Qf3 27. g3 Raf8 28. Ra2 h5 29. bxc6 h4 30. cxd7 Rxg3+ 31. fxg3 Qxg3+ 32. Ng2 h3 33. d8=Q+ Rxd8 34. Qxa7+ Rd7 35. Qc5+ Ke8 36. Rf1 1-0

[Event "DSOL 2021"]
[Site "Germany"]
[Date "2021.03.26"]
[Round "7.1"]
[White "Juelg, Gabriel"]
[Black "Stoering, Marc"]
[Result "1-0"]
[WhiteElo "1599"]
[BlackElo "1941"]
[Annotator "ChessBase"]
[PlyCount "163"]
[EventDate "2021.01.18"]
[EventType "team-tourn"]
[EventCountry "GER"]
[SourceTitle "playchess.com"]
[Source "ChessBase"]
[SourceQuality "1"]
[WhiteTeam "SK Ettlingen II"]
[BlackTeam "SV Hemer"]

1. d4 d5 2. c4 c6 3. Nf3 Bg4 4. Ne5 Bf5 5. Nc3 e6 6. Bf4 Nf6 7. e3 Qa5 8. Bd3 Bb4 9. O-O Bxc3 10. bxc3 Ne4 11. Bxe4 Bxe4 12. Qg4 O-O 13. h4 Bf5 14. Qg3 f6 15. Nf3 dxc4 16. Bd6 Re8 17. Rfe1 Nd7 18. e4 Bg6 19. Nd2 b5 20. e5 f5 21. Re3 Nb6 22. Bc7 Rac8 23. Bxb6 Qxb6 24. Qg5 Qd8 25. Qf4 c5 26. Nf3 Bh5 27. Rd1 Qd5 28. Rd2 Bxf3 29. Rxf3 Red8 30. Rg3 Rd7 31. Qe3 a5 32. Qe1 b4 33. Qc1 a4 34. cxb4 cxd4 35. Rc2 d3 36. Rd2 c3 37. Rd1 Qxe5 38. Re3 Qd5 39. h5 e5 40. h6 d2 41. Qc2 e4 42. Rxc3 Rxc3 43. Qxc3 gxh6 44. a3 f4 45. Qc8+ Kg7 46. Qc3+ Kg6 47. Qh3 Qf5 48. Qc3 Rd3 49. Qc6+ Kh5 50. Qe8+ Kh4 51. Qe7+ Kh5 52. Qe8+ Kg5 53. Qe7+ Kg6 54. Qe8+ Kg7 55. Qe7+ Kg6 56. Qe8+ Kg5 57. Qe7+ Kg4 58. Qg7+ Qg6 59. Qf8 f3 60. g3 Kh5 61. Qf4 Qg4 62. Qf7+ Kg5 63. Qg7+ Kh5 64. Qf7+ Qg6 65. Qf4 Qe6 66. Rxd2 Rxd2 67. Qxd2 Qb3 68. Qf4 Qd1+ 69. Kh2 Qd5 70. b5 Kg6 71. b6 Qh5+ 72. Kg1 Qd5 73. g4 Qc6 74. Qf5+ Kg7 75. Qe5+ Kg6 76. Qc7 Qe6 77. b7 e3 78. b8=Q exf2+ 79. Kxf2 Qe2+ 80. Kg3 Qg2+ 81. Kf4 f2 82. Qg8+ 1-0

[Event "DSOL 2021"]
[Site "Germany"]
[Date "2021.03.26"]
[Round "7.1"]
[White "Sickmann, Lisa"]
[Black "Boos, Markus"]
[Result "0-1"]
[WhiteElo "1510"]
[BlackElo "2169"]
[Annotator "TA"]
[PlyCount "182"]
[EventDate "2021.01.18"]
[EventType "team-tourn"]
[EventCountry "GER"]
[SourceTitle "playchess.com"]
[Source "ChessBase"]
[SourceQuality "1"]
[WhiteTeam "Lübecker SV"]
[BlackTeam "SG Solingen I"]

1. e4 c5 2. Nf3 Nc6 3. d4 cxd4 4. Nxd4 Nf6 5. Nc3 e5 6. Ndb5 d6 7. Bg5 a6 8. Na3 b5 9. Nd5 Be7 10. Bxf6 Bxf6 11. c3 O-O 12. Nc2 Bg5 13. Be2 Ne7 14. Nce3 Bxe3 15. Nxe3 Bb7 16. f3 d5 17. exd5 Nxd5 18. Nxd5 Bxd5 19. O-O Qb6+ 20. Kh1 Qe6 21. a4 Bb3 22. Qd2 bxa4 23. Bd3 Rfd8 24. Qe3 Rab8 25. Qe4 g6 26. Bc2 Bd5 27. Qxa4 Rxb2 28. Rfb1 Rxb1+ 29. Rxb1 Qc6 30. Qa5 Rc8 31. Ba4 Qc5 32. Qxa6 Qxc3 33. Qb5 Rc5 34. Qe2 Kg7 35. h3 Bc4 36. Qc2 Bd3 37. Qxc3 Rxc3 38. Re1 Kf6 39. Re3 Ra3 40. Bc6 Rc3 41. Be4 Rc1+ 42. Kh2 Bxe4 43. Rxe4 h5 44. Kg3 Rc5 45. h4 Kf5 46. Kh3 Rc3 47. Kg3 f6 48. Kh3 Rd3 49. Kg3 Ke6 50. Ra4 Rd4 51. Ra6+ Rd6 52. Ra4 Rd4 53. Ra6+ Kf5 54. Kh3 e4 55. Ra5+ Ke6 56. Ra6+ Ke5 57. fxe4 Rxe4 58. Ra8 Re3+ 59. g3 Kf5 60. Rh8 Ra3 61. Rh7 Ra1 62. Rh8 Ra7 63. Rb8 g5 64. Rb5+ Kg6 65. hxg5 fxg5 66. Rb6+ Kg7 67. Rb5 Kh6 68. Rb6+ Kh7 69. Rb5 Rg7 70. Rc5 Kh6 71. Rc6+ Rg6 72. Rc5 Ra6 73. Rb5 Kg6 74. Rc5 Kf6 75. Rc8 Re6 76. Rh8 Kg6 77. Rg8+ Kf5 78. Rf8+ Rf6 79. Rh8 Kg6 80. Rg8+ Kh6 81. Rh8+ Kg6 82. Rg8+ Kf5 83. Rh8 Ra6 84. Rxh5 Ra1 85. Kg2 Kg4 86. Rh2 Ra2+ 87. Kg1 Ra1+ 88. Kg2 Ra3 89. Kf2 Rf3+ 90. Kg1 Rxg3+ 91. Kh1 Rh3 0-1